000 00636nam a2200205 a 4500
005 20240823063801.0
008 991125s1982 ag 000 0 spa u
020 _a9500163456
035 _aUPN01000010780
049 _aCG
050 4 _aBF199
_bI4.28
100 1 _aIlg, Frances Lillian,
_d1902-1981
_928559
245 1 3 _aLa conducta del niño /
_cFrances L. Ilg, Louise Bates Ames ; tr. Mario A. Marino.
260 _aBuenos Aires :
_bPsique,
_c1982.
300 _a391 p.
650 4 _aConducta infantil
_95683
650 4 _aConducta (Psicología)
_94460
700 1 _aAmes, Louise Bates,
_d1908-1996
_ecoaut.
_928718
905 _aLibro
999 _c10780
_d10780